000 00293nam a22001337a 4500
008 190305b xxu||||| |||| 00| 0 eng d
020 _a9780674272262
041 _aeng
080 _a573
100 _a11
101 _aBIO
245 _aThe Evolutionary Synthesis
_cMayr, E
942 _2udc
_cBK
999 _c54527
_d54527